Jiří Hadlač: dřevoryty
| Hlavní autor: | Hadlač, Jiří, 1927-1991 |
|---|---|
| Jazyk: | Čeština |
| Vydáno: |
Praha : Mladá fronta, [1967] |
| Fyzický popis: |
1 nestránkovaný sv. |
|
| LEADER | 00599nam a2200193 a 4500 | ||
|---|---|---|---|
| 001 | 000331561 | ||
| 003 | CZ BrMZK | ||
| 005 | 20031212105809.0 | ||
| 008 | 010907s1967 xr f cze d | ||
| 040 | |a BOA001 |b cze |c BOA001 | ||
| 100 | 1 | |a Hadlač, Jiří, |d 1927-1991 |7 jk01032969 |4 art | |
| 245 | 1 | 0 | |a Jiří Hadlač: dřevoryty |
| 246 | 3 | 3 | |a Dřevoryty |
| 260 | |a Praha : |b Mladá fronta, |c [1967] | ||
| 300 | |a 1 nestránkovaný sv. | ||
| 500 | |a Katalog výstavy | ||
| 910 | |a BOA001 |b X-0575.687 | ||
| 990 | |a BK | ||
| 996 | 6 | |b 2619854624 |c X-0575.687 |l MZK |r Sklad / do 24 hodin |n 8 |w 000331561 |u 000010 |a 1 |e BOA001 |j MZK50 |s P | |
English
Čeština 